Nghiên cứu nối đất cho các trạm biến áp 35/22KV để nâng cao hiệu quả kinh tế trong đầu tư xây dựng

Tổng quan về nối đất cho TBA và các giải pháp xử lý nối đất thường gặp tại Việt Nam; Các chế độ làm việc của trung tính 22KV; Ứng dụng chế độ nối đất qua tổng trở để giảm nhẹ yêu cầu nối đất cho TBA 35/22KV; Phạm vi ứng dụng và hiệu quả kinh tế của đề tài trong đầu tư xây dựng các TBA 35/22KV...

Cur síos iomlán

Đã lưu trong:
Sonraí Bibleagrafaíochta
Príomhúdar: Nguyễn Lương Mính.
Údair Eile: Trần Vinh Tịnh, TS. (hướng dẫn.)
Formáid: Leabhar
Teanga:Vietnamese
Foilsithe: Đà Nẵng : Đại học Đà Nẵng, 2004.
Ábhair:
Clibeanna: Cuir Clib Leis
Gan Chlibeanna, Bí ar an gcéad duine leis an taifead seo a chlibeáil!
Thư viện lưu trữ: Mạng thư viện Đại học Đà Nẵng
LEADER 01772cam a2200373 a 4500
001 000044163
003 2419
005 20060208152920.0
008 010217b2004 vm 000 vie
040 |a LRC  |c LRC  |d LRC 
041 0 |a vie 
082 1 4 |a 621.314  |b NG-M 
100 1 |a Nguyễn Lương Mính. 
245 1 0 |a Nghiên cứu nối đất cho các trạm biến áp 35/22KV để nâng cao hiệu quả kinh tế trong đầu tư xây dựng  |h [Thesis - Luận văn] /  |c Nguyễn Lương Mính ; Trần Vinh Tịnh hướng dẫn. 
260 |a Đà Nẵng :  |b Đại học Đà Nẵng,  |c 2004. 
300 |a 111 tr. :  |b mh. ;  |c 29 cm. 
520 3 |a Tổng quan về nối đất cho TBA và các giải pháp xử lý nối đất thường gặp tại Việt Nam; Các chế độ làm việc của trung tính 22KV; Ứng dụng chế độ nối đất qua tổng trở để giảm nhẹ yêu cầu nối đất cho TBA 35/22KV; Phạm vi ứng dụng và hiệu quả kinh tế của đề tài trong đầu tư xây dựng các TBA 35/22KV 
630 0 4 |a Điện. 
630 0 4 |a Trạm biến áp. 
650 0 4 |a Điện  |x Trạm biến áp. 
700 1 |a Trần Vinh Tịnh,  |c TS.,  |e hướng dẫn. 
OWN |a DUT 
AVA |a UDN50  |b DUT  |c Internal Resources  |d 621.314 NG-M  |e available  |t Error 5001 Not defined in file expand_doc_bib_avail.  |f 1  |g 0  |h N  |i 0  |j NS  |k 1 
999 |a From the UDN01 
AVA |a UDN50  |b DUT  |c Internal Resources  |d 621.314 NG-M  |e available  |t Error 5001 Not defined in file expand_doc_bib_avail.  |f 1  |g 0  |h N  |i 0  |j NS  |k 1 
TYP |a Mixed Materials 
TYP |a Monograph 
TYP |a Printed language 
980 |a Mạng thư viện Đại học Đà Nẵng